|
|
|
|
| LEADER |
00000nam0a2200000 4500 |
| 001 |
100097 |
| 005 |
20231031112021.0 |
| 035 |
|
|
|a (RuTPU)RU\TPU\book\107676
|
| 090 |
|
|
|a 100097
|
| 100 |
|
|
|a 20060814d1977 k y0rusy50 ca
|
| 101 |
0 |
|
|a rus
|
| 102 |
|
|
|a RU
|
| 105 |
|
|
|a a z 001zy
|
| 200 |
1 |
|
|a Инженерные методы исследования ударных процессов
|f Г. С. Батуев [и др.]
|
| 205 |
|
|
|a 2-е изд., перераб.
|
| 210 |
|
|
|a Москва
|c Машиностроение
|d 1977
|
| 215 |
|
|
|a 240 с.
|c ил.
|
| 320 |
|
|
|a Список литературы: с. 238-239
|
| 610 |
1 |
|
|a ударные процессы
|
| 610 |
1 |
|
|a исследования
|
| 610 |
1 |
|
|a инженерные методы
|
| 610 |
1 |
|
|a импульсные нагрузки
|
| 610 |
1 |
|
|a лабораторные условия
|
| 610 |
1 |
|
|a воспроизведение
|
| 610 |
1 |
|
|a трансформация
|
| 610 |
1 |
|
|a измерение
|
| 675 |
|
|
|a 621.01:531.3
|v 3
|
| 701 |
|
1 |
|a Батуев
|b Г. С.
|g Герман Семенович
|
| 701 |
|
1 |
|a Голубков
|b Ю. В.
|g Юрий Владимирович
|
| 701 |
|
1 |
|a Ефремов
|b А. К.
|g Альберт Константинович
|
| 701 |
|
1 |
|a Федосов
|b А. А.
|g Анатолий Алексеевич
|
| 801 |
|
1 |
|a RU
|b 63413507
|c 20060814
|g PSBO
|
| 801 |
|
2 |
|a RU
|b 63413507
|c 20140708
|g PSBO
|
| 942 |
|
|
|c BK
|